000 00462nam a2200145 4500
008 151009b xxu||||| |||| 00| 0 eng d
020 _a1590521471
050 _aSPE BV 4627 .L8H37 2003
100 _aHarrison, Joshua.
_d2003
245 _aNot even a hint:
_cJoshua Harrison.
260 _aUSA:
_bMultnomah publishers,
_c2003.
300 _a184 p.
650 _aEnglish fiction.
942 _2lcc
_cSH_L_BOOKS
_hSPE BV 4627 .L8H37 2003
999 _c8155
_d8155